Srdce

Bibliographic Details
Main Author: Beniak, Valentín, 1894-1973 (Author)
Other Authors: Lembovič, Igor, 1931-2003 (Author of dialog)
Format: Book
Language:Slovak
PhysicalDescription:8 s. 4°
Published: Bratislava Čs. televízia 1976

MARC

LEADER 00000nam a2200000 a 4500
001 vtls001271124
003 SK-MaSNL
005 20260301113138.0
008 240318s1976 xo 0 slo
035 |a SNK000222225 
040 |a SNK  |b slo  |c SNK  |e AACR2 
041 0 |a slo 
044 |a xo  |c SK 
100 1 |a Beniak, Valentín,  |d 1894-1973  |4 aut  |9 144668 
245 1 0 |a Srdce  |c Valentín Beniak ; scenár: Igor Lembovič 
260 |a Bratislava  |b Čs. televízia  |c 1976 
300 |a 8 s.  |c 4° 
700 1 |a Lembovič, Igor,  |d 1931-2003  |4 aud  |9 9288 
958 |a OND 
999 |c 712962  |d 714892 
952 |t P60, <03>, [BOOK], {603}  |a SNK  |b SNK  |y PREZ  |7 0  |o snkOSB 281  |i snkD 393/78  |0 0  |1 0  |4 0  |d 1997-01-08  |l 0  |r 2005-01-01 00:00:00  |w 2026-02-23 
952 |a SNKLM  |b SNKLM  |y NEVYP  |7 0  |o snklmMK 613  |i snklm216/78  |8 1  |0 0  |1 0  |4 0  |d 2005-06-24  |l 0  |r 2026-02-23 21:37:23  |w 2026-02-23